000 00696cam a2200241 a 4500
008
020 _a0750619562 (pbk.)
049 _aMAIN
090 _aG155
_bLIC
100 1 _aLickorish, Leonard J.
245 1 3 _aAn introduction to tourism /
_cLeonard J. Lickorish, Carson L. Jenkins.
260 _aOxford :
_bNew York,
_c1997.
300 _axii, 244 p. :
_bill. ;
_c25 cm.
500 _alncludes index.
504 _aIncludes bibliographical references.
650 0 _aTourism.
700 1 _aJenkins, Carson L.
907 _a.b10317922
_b04-10-12
_c12-09-12
003
005 20230123125446.0
040 _cNUST
942 _cBOOKS
_kG155
_mLIC
999 _c141870
_d141870